| 000 | 00465pab a2200181 454500 | ||
|---|---|---|---|
| 008 | 180718b1987 xxu||||| |||| 00| 0 eng d | ||
| 100 | _aSingh, B.P. | ||
| 245 | _aNorth-east India: Demography, culture and identity crisis (Document) | ||
| 260 | _c1987 | ||
| 300 | _ap.991-1010. | ||
| 362 | _aOct-Dec | ||
| 650 | _aDocument | ||
| 650 | _aCulture | ||
| 650 | _aDemography | ||
| 773 | _aIndian Journal of Public Administration | ||
| 908 | _aN | ||
| 909 | _a88846 | ||
| 999 |
_c88846 _d88846 |
||